| 000 | 00387nam a2200133 i 4500 | ||
|---|---|---|---|
| 001 | bg | ||
| 100 | 1 | _aHEDTKE, Rolf | |
| 245 | 0 |
_aSystemy mikroprocesorowe : _bniezawodność, testowanie, tolerancja błędów / _cRolf Hedtke. |
|
| 260 |
_aWarszawa : _bWydawnictwa Naukowo-Techniczne, _c1987. |
||
| 040 | _cBPK | ||
| 041 | _apol | ||
| 942 | _cKS | ||
| 008 | s pl f |000 0 pol | ||
| 999 |
_c23868 _d23868 |
||
| 856 |
_uhttp://koha.tu.koszalin.pl/cgi-bin/koha/opac-detail.pl?biblionumber=23868 _yKatalog online BPK |
||